Datum a čas kvízu
26
Celkem bodů
Celkový počet nahraných bodů na tomto kvízu bez doplňovacích otázek.
5.
Pořadí na kvízu
Konečné umístění týmu na tomto kvízu.
Zaznamenané odpovědi
| # | Otázka | Odpověď | Body | Výsledky |
|---|---|---|---|---|
| 1. | Ve kterém moravském městě přim... | ve Vsetíně | 1 | |
| 2. | Který člen britské královské r... | princ George, 11. narozeniny | 0 | |
| 3. | Firma Mattel uvedla minulý týd... | C | 1 | |
| 4. | Ve kterém českém krajském měst... | v Plzni | 0 | |
| 5. | Po pouhých dvou kolech nové li... | František Straka | 0 | |
| 6. | Napište italský název tohoto t... | radiatori | 1 | |
| 7. | Zelené části brambor by se nem... | solanin | 0 | |
| 8. | Nyní se zaměříme naopak na lát... | pohanka | 0 | |
| 9. | Zobrazený tenký měkký chléb je... | lavaš | 0 | |
| 10. | Pod kterým jednoslovným názvem... | amarant | 0 |